000 00431nam a22001697a 4500
005 20180411143130.0
008 160503b xxu||||| |||| 00| 0 eng d
020 _a81-7188240-4
041 _aeng
082 _b1201
_a338.954
100 _aKapila, Raj Uma.
_94262
245 _aA decade of economic reforms in India
260 _aNew Delhi
_bAcademic Faundation
_c2002
300 _a407
650 _aManagement
_9241
942 _cBK
999 _c483
_d483